Guess the 1960s song lyrics #132 - Statistics

General Stats
  • This quiz has been taken 14 times
  • The average score is 83 of 107
Answer Stats
Answer % Correct
do
100%
I
100%
i
100%
in
100%
it
100%
you
100%
You
100%
love
92%
my
92%
are
85%
heart
85%
I'm
85%
know
85%
on
85%
want
85%
we
85%
what
85%
What
85%
why
85%
you're
85%
all
77%
the
77%
to
77%
don't
69%
gonna
69%
got
69%
have
69%
I've
69%
Now
69%
Or
69%
hand
62%
done
54%
oh
54%
That's
54%
through
54%
up
54%
decide
46%
leavin
46%
leaving
46%
understand
46%
ground
31%
walk
31%
worship
31%
wrong
31%
Dale and Grace
23%
No matching quizzes found
Score Distribution
Percent of People with Each Score
Percentile by Number Answered
Your Score History
You have not taken this quiz